[Event "Match 69_120'/40"]
[Site "Zürich"]
[Date "2022.??.??"]
[Round "14"]
[White "Mephisto Almeria 68000"]
[Black "Excel Mach III 68000"]
[Result "1-0"]
[WhiteElo "2079"]
[BlackElo "2021"]
[Annotator "KUT"]
[PlyCount "130"]
[EventDate "2022.??.??"]

1. e4 c5 {Match 120'/40 | Bediener: Rolf Bühler | 14. Partie: Weiss (Almeria)
gewinnt | Zwischenstand: 8,0-6,0 (57,1%) für den Mephisto Almeria 68000 | In
der Sizilianischen Verteidigung, Moskauer-Variante mit 3.Lb5+ Ld7, spielt
Schwarz im falschen Moment den Turm nach c8 und kann so die Zersplitterung
seiner Bauernstruktur am Damenflügel nicht verhindern. Der Almeria 16bit
nutzt seinen Vorteil nicht und nach bereits 17 Zügen landen die beiden
Kämpfer in einem schwierigen Endspiel. Hier agiert das Programm von Richard
Lang vorerst etwas genauer, was ihm den Sieg hätte einbringen können. Die
Chance geht jedoch vorbei, so dass Schwarz trotz weissem Mehrbauer nichts zu
fürchten hat. Dass das amerikanische Programm von Kathe & Dan Spracklen dann
aber schliesslich doch noch einen Weg einschlägt, der ihm die Niederlage
beschert, darf dem Mach III nicht wirklich angelastet werden, weil dies für
ihn schlicht nicht zu erkennen war.} 2. Nf3 d6 3. Bb5+ Bd7 4. Bxd7+ Qxd7 5. O-O
{***ENDE BUCH***} Nf6 6. Nc3 Nc6 {***ENDE BUCH***} 7. d4 cxd4 8. Nxd4 Rc8 {
Es gibt sinnvollere Fortsetzungen wie 8...e6 oder 8...Sxd4 bzw. 8...g6. Nach
dem Textzug lässt sich die Zersplitterung der schwarzen Bauernstruktur kaum
mehr vermeiden.} 9. Bg5 h6 {Fordert das Schlagen auf f6 geradezu heraus. Ein
Versuch wert war es, mit 9...Dg4 den Tausch auf f6 zuzulassen, aber wenigstens
die Damen zu tauschen, so dass die Dame als Angriffswaffe gegen die
geschwächte schwarze Königstellung nicht mehr zur Verfügung stünde.} 10.
Bxf6 gxf6 11. Nf5 {Deutlich stärker war 11.Sd5 und der Springer steht auf
einem riesenstarken Feld und verhindert auch die Anrempelung ...e6 wegen Sxf6.
Mit dem Textzug schenkt Weiss dem Gegner ein unnötiges Entwicklungstempo mit
der folgenden Antwort.} e6 12. Ng3 {Ebenfalls nicht am besten. Eigentlich ist
doch klar, dass der Springer auf e3 günstiger platziert wäre.} Rg8 (12... Ne5
{mit der Idee, ...Sc4 folgen zu lassen, käme einer sinnvolleren Strategie
gleich.}) 13. Qf3 {Aber auch der Almeria 68000 findet nicht den besten Plan,
der in 13.f4 bestand, was auch ...Se5 verhindert.} Qd8 14. Qe3 Qa5 15. Rfd1 {
Der Turm hat hier keine rechte Zukunft. Prophylaktisch denkende Schachspieler
hätten zu 15.Kh1 gegriffen, was den König aus der Schusslinie des Tg8 nimmt.
Dann hätte auch f2-f4 folgen können, ohne dass Schwarz zum Damentausch käme
auf c5 oder b6.} Ne5 {Nichts sprach auch gegen 15...h5, um später mit ...h4
die halb-offene g-Linie mit gewissen Angriffsschancen zu wahren. Schwarz hat
jedoch das Handicap, dass sein König nicht mehr rochieren kann und im Zentrum
unsicher platziert ist.} 16. Qd4 {Zentralisiert die Dame, aber es gibt
Besseres:} (16. Rab1 Nc4 17. Qe2 {denn} Nxb2 $2 {bringt Schwarz in spürbaren
Nachteil durch} 18. Nd5 $3 {droht Txb2 und gleichzeitig Sxf6+} Nxd1 19. Nxf6+
Kd8 20. Rxb7 $1 {droht Td7 matt} Rc7 21. Rb8+ Rc8 22. Rxc8+ Kxc8 23. Nxg8 Nc3
24. Qf3 Qc7 25. Qf6 Nxa2 26. Nxh6 Qe7 27. Qf4 $16 {aber trotz weissem
Mehrbauer steht ein schwerer Kampf bevor. Der schwarze Freibauer auf der
a-Linie ist dabei nicht zu unterschätzen.}) 16... Qc5 {Schwarz sucht den
Damentausch, was für den unsicher stehenden schwarzen König einer netten
Entlastung gleichkäme. Ansonsten war auch 16...h5 eine Option, um selbst
einen Angriffsversuch gegen den weissen König zu starten.} 17. Qxc5 Rxc5 {
Nach dem Damentausch muss sich Schwarz keine Sorgen mehr machen um seinen im
Zentrum stehenden König, zumal sich die Stellung jetzt im ungefähren
Gleichgewicht befindet.} 18. Rac1 {Der Sinn dieses Zug ist schwer auszumachen.}
Nc4 (18... h5 $5 19. Nge2 Bh6 20. f4 Ng6 $15 {vermag noch besser zu gefallen})
19. b4 $6 {Mit diesem positionell gar nicht astreinen Zug überrascht mich der
Almeria 68000.} Rcg5 $6 {Besser bliebe der Turm auf der halboffenen c-Linie.}
20. Rd4 Na3 21. Nce2 b5 {Zementiert die Schwäche des rückständigen weissen
c-Bauern. Das bleibt allerdings ohne grosse Wirkung, denn die schwarzen Türme
stehen am falschen Flügel.} 22. Rd3 Nc4 23. Nd4 a6 24. Nf3 R5g6 25. c3 {
Aktiver war a2-a4.} Ne5 {So wie die schwarzen Figuren stehen, drängt sich 25..
.h5! auf.} (25... h5 26. Kf1 h4 27. Nxh4 Ne5 28. Rd4 Rh6 29. Nf3 Nxf3 30. gxf3
Rxh2 $11) 26. Nxe5 fxe5 {erzwungen} (26... dxe5 $2 27. Rcd1 Be7 28. Rd7 h5 29.
h4 Rg4 30. Rb7 Bd8 31. Rdd7 R8g7 32. Kf1 Rxh4 33. Rd3 {mit Mattdrohung durch
Tb8 usw.} Rg8 34. Rxd8+ Kxd8 35. Rb8+ Ke7 36. Rxg8 $18 {und gewinnt}) 27. c4 {
Weiss befreit sich rechtzeitig von seiner Bauernschwäche.} bxc4 28. Rxc4 f5
29. Rc8+ Ke7 $2 {Selbstverständlich sollte der König nach f7, denn nun kann
der weisse Springer bald auf f5 mit Schachgebot nehmen, was einem geschenkten
Tempogewinn gleichkommt. Solche Ungenauigkeiten entscheiden im Endspiel
oftmals zwischen Remis und Gewinn.} 30. exf5 exf5 31. Nxf5+ Kd7 32. Ra8 Rxg2+
33. Kf1 Rg1+ 34. Ke2 Ke6 35. Ng3 $16 {Schwarz kann den Verlust des a6-Bauern
nicht vermeiden, so dass seine Lage plötzlich kritisch wird.} Rb1 $2 (35... h5
{ist genauer, bzw. stellt eine kleine Falle, sofern der Bauer geschlagen wird}
36. Nxh5 (36. h4 $1 $16 {ist deutlich besser}) 36... Be7 37. Rxa6 Rb1 38. a3
Rh8 39. Ng3 Rxh2 {und Schwarz hat gerade noch genügend Gegenspiel.}) 36. a3 $6
{Almeria 16bit verpasst die Chance, seine Stellung mit 36.Tf3 zu verstärken,
wonach es fraglich wäre, ob sich Schwarz noch halten könnte.} Rb2+ 37. Rd2
Rb3 38. Rxa6 $2 {Das ist nicht die korrekte Fortsetzung, sondern wirft dem
Gegner den Rettungsring aus.} (38. Rc2 $1 {droht Tc2-c8 +-} h5 39. h4 Rxa3 40.
b5 $18 {und Weiss hat eine gewonnene Stellung.}) 38... Rg4 39. Kf1 Rb1+ 40. Kg2
Rb3 41. Rc2 Be7 42. Re2 Kd7 43. Ra8 Ke6 44. Re3 Rb2 45. Ra7 (45. Rh8 Bg5 $11)
45... d5 $1 {Im richtigen Moment erinnert sich der Mach III an die Kraft der
verbundenen Freibauern im Zentrum.} 46. Kf1 Rc2 47. Re2 Rc6 48. Kg2 (48. b5 {
sieht trotz = natürlicher und logischer aus.}) 48... Rc3 (48... h5 49. h3 Rg7
$11 {vermag die Stellung ebenso wenig aus dem Gleichgewicht zu bringen.}) 49.
Ra6+ Bd6 50. h3 Rf4 51. Re3 Rc2 52. Ne2 Rfc4 53. Rg3 {Leitet eine Abwicklung
ein, die am Ausgleich nichts ändern sollte.} Rxe2 54. Rg6+ Kf5 55. Rgxd6 h5 (
55... Ke4 $11 {genügt ebenfalls für den Ausgleich.}) 56. Rh6 (56. Rxd5 {
bringt nichts wegen} Rcc2 57. Rc5 Rxf2+ 58. Kg3 Rg2+ 59. Kf3 Rgf2+ 60. Kg3 Rcd2
61. Ra8 Rg2+ {und Schwarz hat Dauerschach, weil} 62. Kh4 $4 {verliert nach}
Rd4+ 63. Kxh5 Rg5+ 64. Kh6 Rh4#) 56... Kg5 57. Raf6 $11 {Noch ist es
ausgeglichen.[#]} Rcc2 $2 {Verlustzug, gerät doch Schwarz nun in ein Mattnetz,
dem nur durch den Übergang in ein verlorenes Bauernendspiel zu entkommen ist.
Um das zu erkennen, werden allerdings mindestens 11 Halbzüge und das Wissen
um die Quadratregel vorausgesetzt, was deutlich zu hohe Anforderungen an den
Fidelity Excel Mach III 68000 sind.} (57... Re1 58. b5 ({nach} 58. Rhg6+ Kh4
59. Rf5 Rcc1 60. Rgg5 $4 {wie in der Partie, gewinnt gar Schwarz} Rg1+ 61. Kf3
Rxg5 $19) 58... Rcc1 59. b6 Rb1 60. a4 Rg1+ 61. Kf3 Rb3+ 62. Ke2 Ra1 $11 {
und das Turmendspiel muss Remis ausgehen.}) 58. Rhg6+ Kh4 59. Rf5 Ra2 60. Rgg5
{Droht auf h5 mattzusetzen, was einzig mit der folgenden Antwort behoben
werden kann.} Rxf2+ 61. Rxf2 Rxf2+ 62. Kxf2 Kxg5 {Dieses Bauernendspiel ist
verloren, weil sich der schwarze König entsprechend der bekannten
Quadratregel ausserhalb der kritischen Zone b4-f4-f8-b8 des weissen b-Bauern
befindet. Konkret bedeutet dies, dass die Stellung mit dem schwarzen König
auf f5 oder f6 Remis wäre.} 63. b5 e4 64. b6 Kf4 65. b7 e3+ {***AUFGEGEBEN***}
1-0

[Event "Match 69_120'/40"]
[Site "Zürich"]
[Date "2022.??.??"]
[Round "15"]
[White "Excel Mach III 68000"]
[Black "Mephisto Almeria 68000"]
[Result "0-1"]
[WhiteElo "2021"]
[BlackElo "2079"]
[Annotator "KUT"]
[PlyCount "129"]
[EventDate "2022.??.??"]

{[%evp 0,129,32,18,21,-17,22,21,36,11,55,64,78,58,59,58,58,60,58,52,48,62,75,6,
6,-182,-184,-157,-18,5,1,-18,-21,-82,-39,-33,-83,-89,-86,-150,-146,-146,-79,
-50,-111,-106,-108,-141,-115,-70,-9,0,0,0,0,0,0,-61,-64,-429,-132,-132,-132,
-120,-124,-131,-117,-187,-156,-130,-130,-152,-152,-152,-228,-183,-154,-207,
-207,-207,-207,-453,-453,-453,-453,-466,-466,-466,-466,-514,-494,-531,-531,
-531,-502,-502,-502,-502,-502,-519,-519,-519,-504,-566,-566,-558,-554,-581,
-539,-632,-678,-801,-625,-636,-683,-757,-820,-832,-899,-986,-1020,-1101,-1506,
-1679,-1687,-1732,-1732,-1713,-1732,-29981,-29982,-29983]} 1. d4 d5 {Match
120'/40 | Bediener: Rolf Bühler | 15. Partie: Schwarz (Almeria 16bit) gewinnt.
| Zwischenstand: 9,0-6,0 (60%) für Mephisto Almeria 16bit | Die beiden
Kontrahenten geraten in ein wenig gebräuchliches Abspiel der Slawischen
Verteidigung. Ein ausgeglichener Kampf steht bevor. Da begeht der Mach III
einen hässlichen Damenzug, lässt sich die Bauernstruktur am rochierten
Königsflügel zerschlagen und einen Doppelbauer anhängen. Da wäre die
Partie eigentlich für Weiss schon verloren. Doch findet der Almeria 16bit
nicht die passende Fortsetzung. So entbrennt die Schlacht erneut und unsere
Oldies haben (zu) schwierige Probleme zu lösen. So genügen zwischendurch
selbst zwei schwarze Mehrbauern nicht für den Gewinn. Später stehen sich
neben je Turm/Dame vier schwarze Bauern für einen Läufer gegenüber. Auch
das hätte noch zum dynamischen Ausgleich gereicht. Doch genügt dann eine
Ungenauigkeit des Mach III, dass der Almeria 16bit einen Freibauern zur
Umwandlung bringen kann, was dem Weissen den Läufer und die Partie kostet.} 2.
c4 dxc4 3. Nf3 c6 4. e3 Bg4 5. Bxc4 e6 {***ENDE BUCH***} 6. Nc3 {***ENDE
BUCH***} Nd7 7. h3 Bh5 8. O-O Be7 {Da noch nicht endgültig klar ist, wo der
Läufer hingehört, verdient der so oder so notwendige Entwicklungszug 8...
Sgf6 den Vorzug.} (8... Ngf6 9. Be2 Be7 10. b3 Nd5 11. Bb2 O-O 12. Nd2 Bg6 13.
Nc4 Bb4 14. Rc1 Qe7 15. Bd3 b5 {1/2-1/2 (15) Andersson,U (2605)-Hort,V (2590)
Luzern 1982}) 9. Bd3 {Weiss hatte eine Palette von Zügen zur Verfügung wie
e4 / g4 / De2 / Le2 / Lb3, wobei 9.e4 wohl die schärfste Wahl darstellt.} Ngf6
10. e4 O-O {Die Chancen in dieser Stellung sind etwa gleich. Weiss verfügt
über etwas Raumvorteil und mehr Bewegungsfreiheit sowie das bessere Zentrum.
Schwarz steht jedoch solide und muss sich zwischen den Plänen ...c5 und ...e5
entscheiden.} 11. e5 {Weiss legt sich zu früh fest, dabei hätte er
sinnvoller die Entwicklung mit 11.Lf4 oder 11.Le3 vorangetrieben.} Nd5 {[#]}
12. Qc2 $2 {Eine in jeder Hinsicht ganz schlechte Fortsetzung: Positionell,
weil die weisse Königsstellung zu einer Ruine wird. Taktisch, weil die
Rechnung überhaupt nicht aufgeht. Exemplarisch zeigen sich hier eklatante
Schwächen des Programms von Kathe & Dan Spracklen. Selbst nach 20 Min beharrt
der Mach III noch auf 12.Dc2? und erwartet 12...h6 bei ST 1/7 mit einer
Minusbewertung von läppischen -0.01. Es scheint so, dass die Öffnung der
g-Linie im vorliegenden Fall völlig überschätzt und die Zerschlagung der
Bauernstruktur am Königsflügel ebenso völlig unterschätzt wird. Der
Almeria 16bit verwirft 12.Dc2? nach wenigen Sekunden und bei Eingabe von 12...
Lxf3 bewertet er Schwarz mit +0.69. Für die modernen Engines von 2022 ist 12.
Dc2 ein Patzerzug, schnellen doch die Bewertungen sofort auf über 2.00
Vorteil zugunsten von Schwarz.} Bxf3 13. gxf3 {Und hier benötigt der Mach III
wieder viel Zeit, bis er erkennt, dass mit dem Schlagen des h7-Bauern kein
gutes Geschäft zu machen ist.} (13. Bxh7+ Kh8 14. gxf3 Nb4 15. Qb1 g6 16. Bxg6
fxg6 17. Kh2 Rf5 $19 {und die weisse Stellung ist kaputt.}) 13... f5 $2 {
Nun verlassen den Almeria 16bit ebenfalls die Kräfte und lässt den Gegner
mit dem Schrecken davonkommen. Richtig war 13...Sb4 und nach Beseitigung des
weissen Ld3 ist die Partie für Schwarz gewonnen. Mit Zugumstellung kommt es
zur soeben gezeigten Variante.} (13... Nb4 14. Bxh7+ Kh8 15. Qb1 g6 16. Bxg6
fxg6 17. Kh2 Rf5 $19) 14. Nxd5 cxd5 15. Bd2 Nb8 {Eine modern anmutende Antwort.
Scharz plant die sinnvolle Umgruppierung des Springers nach c6 mit Druck auf
d4.} 16. Qb3 $6 {Weiss agiert von Zug zu Zug und greift den b7-Bauern an. Aber
hier hat die Dame nichts verloren.} Nc6 17. Bc3 (17. Qxb7 $2 Nxd4 $17 {
verschlechtert die weisse Stellung enorm.}) 17... Rb8 18. Qa4 {Nun will er
wohl Lb5 folgen lassen, um Lxc6 nebst Dxa7 zu drohen.} (18. f4 {mag besser zu
gefallen: nimmt dem Gegner das Feld g5 und öffnet dem weissfeldrigen Läufer
die Diagonale d1-h5.}) 18... a6 {Eine interessante Option war 18...De8, was
eine Verlagerung der Dame an den geschwächen Königsflügel des Gegners
erlaubt.} 19. b4 {Hier schwankt man zwischen ?! und !? Interessant, im
typischen Fidelity-Stil gespielt und nicht einmal übel aussehend. Weiss will
mit b5 aktiv werden. Die modernen Engines hätten indessen 19.f4 bei weitem
bevorzugt. Denn nach dem Textzug springen die Bewertungen zugunsten von
Schwarz um mindestens eine Bauerneinheit in die Höhe. Fat Titz 2 130122 meint
-+ 3.23, ShashChess -/+ 1.50 und Little Goliath Evolution NN 3.15.3 -/+ 1.55
doch selbst für gestandene Schachspieler ist das alles gar nicht so
offensichtlich. Also tadeln wir den Mach III nicht.} Rc8 20. Rfc1 {In dieser
komplexen Stellung gibt es verschiedene Wege, um den schwarzen Vorteil zu
festigen, was aber vornehmlich nur den Engines oder sehr starken Spielern klar
sein dürfte.} Nxb4 {Naturgemäss vermag der Almeria 16bit die besten Züge
nicht zu finden, die in 20...Lh4 nebst einmal ...g5 oder 20...Lg5 nebst ...Lf4
bestanden. Nach dem Textzug reduziert der schwarze Vorteil auf ein
unbeachtliches Minimum.} 21. Bxb4 Rxc1+ 22. Rxc1 Bxb4 23. Rb1 ({Aber nicht} 23.
Qxb4 Qg5+ 24. Kh2 Qxc1 $19 {und gewinnt}) 23... Qg5+ 24. Kf1 a5 25. a3 Bc3 26.
Rxb7 $11 {Die Stellung befindet sich wieder im Gleichgewicht.} Qh4 {Dieser
Doppelangriff auf h3 und d4 sieht gefährlicher aus, als er ist.} 27. Qd7 {
Mit Mattdrohung auf g7.} Qxh3+ 28. Kg1 Qh6 29. Qa4 $2 {Damit kommt der Mach
III auf Abwege, bzw. schlittert in eine verlorene Stellung. Aber einmal mehr
ist dafür die mangelnde Rechenkraft verantwortlich.} (29. Rc7 $1 Bxd4 30. Bxf5
$1 Rxf5 (30... exf5 31. Qxd5+ Kh8 32. Qxd4 $11) (30... Bxe5 31. Qxe6+ Qxe6 32.
Bxe6+ Kh8 33. Rc5 Ra8 34. Bxd5 $11) 31. Rc8+ Rf8 32. Rxf8+ Kxf8 33. Qd8+ {
und bald Remis durch Dauerschach}) 29... Qd2 $2 {Aber auch der Almeria 16bit
ist überfordert und macht aus einem möglichen -+ ein =, vergibt also hier
seine Chance.} (29... Qg5+ 30. Kf1 Qh4 {droht ...Dh1+, Ke2 De1 matt} 31. f4
Qh1+ 32. Ke2 Qe1+ 33. Kf3 Qg1 34. Qd7 {Alles andere ist noch ungünstiger.}
Bxd4 35. Ke2 Qxf2+ 36. Kd1 Qg1+ 37. Kc2 Kh8 38. Qxe6 {Auch andere Züge
verlieren.} Qf2+ 39. Kb1 Qe1+ 40. Ka2 Qd2+ 41. Kb1 Qxd3+ {und gewinnt}) 30. Qd7
Qg5+ 31. Kf1 Qh6 32. f4 Bxd4 $11 {Trotz der zwei schwarzen Mehrbauern herrscht
dynamisches Gleichgewicht.} 33. Kg2 {Bringt sich wieder in Schwierigkeiten; 33.
Tc7 war gut.} Bxf2 $2 {Objektiv schwach und jedenfalls nicht zum Gewinn
genügend. Von unseren Lieblingen den langwierigen Gewinnweg mit 33...Kh8 usw.
zu erwarten, wäre allerdings vermessen.} 34. Kxf2 Qxf4+ 35. Kg2 $2 {Auch der
Mach III ist völlig überfordert und begibt sich mit dem König auf das
falsche Feld. Nach dem richtigen 35.Ke2 wäre nichts passiert. Allerdings ist
es verständlich, dass sich der weisse König nicht freiwillig auf die e-Linie
begibt, wonach Schwarz sofort mit ...Dxe5+ und Schachgebot einen Bauern
erobert.} (35. Ke2 Qxe5+ 36. Kd2 h5 $11) 35... Qg4+ 36. Kf2 f4 {Droht mit ...
Dg3+ den Ld3 zu erobern.} 37. Qb5 Qg3+ $6 (37... f3 {ist deutlich stärker} 38.
Rb8 Qd4+ 39. Kf1 g6 40. Rxf8+ Kxf8 41. Ke1 Kg7 42. Kd2 Kh6 43. Qb8 Qf4+ 44. Kc2
f2 45. Bf1 g5 46. Qd6 Qf5+ 47. Kd2 g4 48. Qb8 g3 49. Qd6 Kh5 $19 {und langsam
aber stetig geht es vorwärts. Weiss kann gar nichts tun als dem Untergang mit
offenen Augen entgegensehen.}) 38. Ke2 $6 {Natürlich war 38.Kf1 besser, kann
Schwarz doch nun den Bauern mit Tempo nach vorne bringen.} f3+ 39. Kd1 Qxe5 40.
Qxa5 f2 $19 {Für den Läufer besitzt Schwarz vier Bauern und seine fünf
verbundenen Freibauern sind eine tödliche Macht, zumal Weiss die Umwandlung
des schwarzen Freibauern auf der f-Linie nicht verhindern kann.} 41. Qa6 Qe1+
42. Kc2 f1=Q 43. Bxf1 Rxf1 {Die Lage hat sich endgültig geklärt. In diesem
Damen-Turm-Endspiel muss Schwarz mit seinen nun drei Mehrbauern natürlich
gewinnen.} 44. Rb8+ Kf7 45. Rb7+ Kf6 46. Kb3 Qb1+ 47. Ka4 Qc2+ 48. Ka5 Qc3+ 49.
Kb6 Rb1+ 50. Ka7 Ra1 $1 {Erobert noch einen Bauern.} 51. Kb8 Qxa3 52. Qxa3 Rxa3
{Jetzt könnte man aber schon getrost mit 0-1 abbrechen.} 53. Rb1 e5 54. Rb6+
Kf5 55. Rb7 Rg3 56. Kc7 d4 57. Kd6 d3 58. Rd7 d2 59. Kc5 Rg2 60. Kb4 e4 61. Kc3
e3 62. Rd5+ Ke4 63. Rd6 Rg6 64. Rxg6 hxg6 65. Kc2 {***AUFGEGEBEN***} 0-1